Généalogie dans Astérix - Statistiques

Statistiques générales
  • Ce quiz a été pris 395 fois
  • Le résultat moyen est 5 sur 20
Statistiques - réponses
Comment se nomme... Personnage % Correct
...le fils adoptif de Jules César? Marcus Junius Brutus
89%
...l'épouse d'Abraracourcix? Bonemine
83%
...la mère de Césarion? Cléopâtre
76%
...le cousin germain de Jolitorax? Astérix
61%
...l'épouse d'Ordralfabétix? Iélosubmarine
40%
...l'époux de Falbala? Tragicomix
37%
...l'arrière petit-fils de Mathusalix? Panoramix
31%
...la fille du rajah Cékouhaçà? Rahàzade
31%
...le fils de Cétaubofix? Cétautomatix
18%
...la mère d'Obélix? Gélatine
17%
...le père de Périclès 'Pépé' Soupalognon y Crouton Soupalognon y Crouton
17%
...l'épouse d'Astronomix? Praline
15%
...la fille d'Orthopédix? Coriza 'Zaza'
7%
...le fils de Barbe-Rouge? Erix
7%
...le cousin de Numérobis? Numérodis
7%
...la fille d'Olaf Grossebaf? Abba
5%
...le frère de Mac Oloch? Mac Mini
4%
...le père de Goudurix? Océanonix
3%
...le père de Comix? Tournedix
2%
...le frère de Chipolata? Carferrix
1%
Aucun quiz correspondant
Distribution des résultats
% des personnes avec chaque résultat
Percentile par nombre de réponses
Votre historique - résultats
Vous n’avez pas pris ce quiz